Bộ luật tố tụng hình sự của nước Cộng hoà Xã hội Chủ nghĩa Việt Nam
Bộ luật tố tụng hình sự của nước Cộng hòa xã hội chủ nghĩa Việt Nam gồm 8 phần.
Gardado en:
| Nhiều tác giả của công ty: | , |
|---|---|
| Formato: | Libro |
| Idioma: | Undetermined |
| Publicado: |
Hà Nội
Chính trị quốc gia
2014
|
| Những chủ đề: | |
| Các nhãn: |
Engadir etiqueta
Sen Etiquetas, Sexa o primeiro en etiquetar este rexistro!
|
| Thư viện lưu trữ: | Trung tâm Học liệu Trường Đại học Cần Thơ |
|---|
| LEADER | 00986nam a2200241Ia 4500 | ||
|---|---|---|---|
| 001 | CTU_196807 | ||
| 008 | 210402s9999 xx 000 0 und d | ||
| 020 | |c 40000 | ||
| 082 | |a 345.59705 | ||
| 082 | |b V308 | ||
| 110 | |a Việt Nam (Cộng hoà Xã hội Chủ nghĩa) | ||
| 110 | |b Quốc Hội | ||
| 245 | 0 | |a Bộ luật tố tụng hình sự của nước Cộng hoà Xã hội Chủ nghĩa Việt Nam | |
| 245 | 0 | |c Việt Nam (Cộng hoà Xã hội Chủ nghĩa). Quốc Hội | |
| 260 | |a Hà Nội | ||
| 260 | |b Chính trị quốc gia | ||
| 260 | |c 2014 | ||
| 520 | |a Bộ luật tố tụng hình sự của nước Cộng hòa xã hội chủ nghĩa Việt Nam gồm 8 phần. | ||
| 650 | |a Criminal procedure,Luật tố tụng hình sự Việt Nam | ||
| 650 | |y Vietnam | ||
| 650 | |z Vietnam | ||
| 904 | |i Nguyên | ||
| 980 | |a Trung tâm Học liệu Trường Đại học Cần Thơ | ||